000 00477nam a2200169 a 4500
001 000037938
005 20201002031135.0
008 130311s19uu dr 000 0 spa d
020 _a9562883205
040 _aDO-SdBNP
_bspa
_cBNPHU
082 _axxx
_bI43a
100 1 _aInfante, Alvaro
_964364
245 1 0 _aAguilas que acechan /
_cAlvaro Infante.
260 _aSanto Domingo :
_bEdiciones Millalva,
_c[19-?].
300 _a207 p. ;
_c20 cm.
590 _aInventariado, 2019/ YL
999 _c37428
_d37428